02265nam a2200433 i 4500003000800000005001700008008004100025020002200066040004700088041001300135043000900148082001500157100003400172245013400206250002200340260004700362264000600409300017800415336002700593337002800620338002800648505005300676505006500729505006000794505003700854505003900891505003600930505003200966505005800998505006401056505005401120520046501174650005701639650003101696653002001727653003001747653002701777653002701804BO-EaUP20260428171736.0260428t2022 ck ad r 001 0 spa d a978-958-503-388-7 aBO-EaUPcBiblioteca admiempresaseRDAbspa1 aspahspa 2an-sp04a658.052211 aMorales Castro, ArturoeAutor aTrasformación digital en las empresas : un enfoque desde la administración de la teoría a la práctica / /bArturo Morales aPrimera edición aBogotá, Colombia:bEcoe Ediciones,c2022 c. axvii, 251 páginas ;bilustraciones (blanco y negro), figuras, tablas ;c17 x 24 centímetros.-- (Ciencias empresariales. Administración) ;fRústico ;gTamaño carta 2rdacontentatextobtxt ano mediadobn2rdamedia avolumenbnc2rdacarrier2 aCapítulo 1. Administración y Tecnología.- 2 aCapítulo 2. La Administración con Microsoft Office 365.-2 aCapítulo 3. Administración de Proyectos Digitales.-2 aCapítulo 4. La Planeación.- 2 aCapítulo 5. La Organización.- 2 aCapítulo 6. La Dirección.- 2 aCapítulo 7. El control.- 2 aCapítulo 8. La Empresa y sus Áreas funcionales.- 2 aCapítulo 9. administración Ágil de la Tecnología.- 2 aCapítulo 10. La empresa y el control digital.-  aEste libro es un referente muy novedoso al combinar la administración estratégica en cada una de sus etapas administrativas con el uso de programas tecnológicos informáticos como Microsoft Office, con toda su vasta cadena de herramientas, muchas de ellas poco utilizadas, pero donde los autores remarcan cómo se pueden utilizar en cada etapa administrativa, e incluso por áreas funcionales: producción, mercadotecnia, finanzas, recursos humanos. 14aADMINISTRACIÓN DE EMPRESASvprocesamiento de datos14aINNOVACIÓN TECNOLÓGICA aMICRSOFT OFFICE aPROGRAMAS PARA COMPUTADOR aPROCESAMIENTO DE DATOS aCIENCIAS EMPRESARIALES